000 00850nam a2200241 i 4500
003 DO-SdBNP
005 20250701083956.0
007 ta
008 250701t1998 dr 000 0 spa d
040 _aDO-SdBNP
_bspa
_cBNPHU
_erda
041 _hspa
082 _axxxx
_bR426
_222
110 1 _aRepública Dominicana.
_bProcuraduría General de la República. Departamento de la Corrupción
_988224
245 1 3 _aPlan estratégico nacional de prevención de la corrupción :
_b(aprobado por la conferencia nacional de noviembre del 1997)
264 _aSanto Domingo :
_bProcuraduría General de Justicia,
_c1998.
300 _a53 páginas
_c21 cm.
336 _atexto
_btxt
_2rdacontent
337 _asin mediación
_bn
_2rdamedia
338 _avolumen
_bnc
_2rdacarrier
590 _aInventariado, 2025/ YL
910 _aYLockward
942 _2ddc
_cLBS1
999 _c59405
_d59405